000 01226cam a22003854a 4500
001 muse78166
003 MdBmJHUP
005 20210127151410.0
006 m o d
007 cr||||||||nn|n
008 720801s1961 mdu o 00 0 eng d
010 _z 61008177
020 _a9781421432427
020 _z9781421432410
035 _a(OCoLC)1122194598
040 _aMdBmJHUP
_cMdBmJHUP
050 0 4 _aB945.L583
_bR4
082 0 _a191
100 1 _aLovejoy, Arthur O.
_q(Arthur Oncken),
_d1873-1962.
245 1 4 _aThe Reason, the Understanding, and Time
264 1 _bJohns Hopkins Press
264 3 _bProject MUSE,
300 _a1 online resource (210 p.)
506 0 _aOpen Access
_fUnrestricted online access
_2star
588 _aDescription based on print version record.
650 0 _aPhilosophy.
655 7 _aElectronic books.
_2local
710 2 _aProject Muse.
_edistributor
830 0 _aBook collections on Project MUSE.
856 4 0 _zFull text available:
_uhttps://muse.jhu.edu/book/68498/
999 _c25639
_d25639